000 00751nam a2200289Ia 4500
005 20260324141837.0
008 008 260324s9999 xx 000 0 eng d
020 _a9780203033050
037 _aEBOOK
040 _aCRL
040 _beng
040 _cCRL
041 _2eng
041 _aeng
084 _qCRL
100 _aN. J. E. Austin; N. B. Rankov
_91209729
245 0 _aExploratio
245 0 _bMilitary & Political Intelligence in the Roman World from the Second Punic War to the Battle of Adrianople
260 _bTaylor and Francis
260 _c1996
365 _a
365 _b230
856 _uhttp://www.taylorfrancis.com/books/9780203033050
942 _cEBOOK
999 _c1813234
_d1813234